Geografický prístup k výskumu kultúrnych pamiatok a historickej kultúrnej krajiny (na príklade podmalokarpatského regiónu)

Teoretické a terminologické východiská skúmanej problematiky. Kultúrna krajina a historická kultúrna krajina. Kultúrna pamiatka ako prvok historickej kultúrnej krajiny. Kultúrne krajiny vnímané ako dôležitá súčasť národného kultúrneho dedičstva. Skúmanie územia ležiaceho na kontakte Malých Karpát a...

Description complète

Enregistré dans:
Détails bibliographiques
Auteur principal: Lacika, Ján
Format: Chapitre de livre
Langue:slovaque
Sujets:
Tags: Ajouter un tag
Pas de tags, Soyez le premier à ajouter un tag!

MARC

LEADER 00000naa a2200000 4500
001 0241167
005 20231208101721.2
041 0 |a slo 
044 |a SK 
245 1 0 |a Geografický prístup k výskumu kultúrnych pamiatok a historickej kultúrnej krajiny (na príklade podmalokarpatského regiónu)  |c Ján Lacika 
520 |a Teoretické a terminologické východiská skúmanej problematiky. Kultúrna krajina a historická kultúrna krajina. Kultúrna pamiatka ako prvok historickej kultúrnej krajiny. Kultúrne krajiny vnímané ako dôležitá súčasť národného kultúrneho dedičstva. Skúmanie územia ležiaceho na kontakte Malých Karpát a Podunajskej nížiny, medzi Bratislavou a obcou Smolenice ako historickej sakrálnej krajiny, historickej sídelnej krajiny a historickej produkčnej krajiny. 
610 2 0 |a geografia 
610 2 0 |a kultúra 
610 2 0 |a história 
610 2 0 |a pamiatky 
610 2 0 |a mapy 
610 2 0 |a regióny 
610 2 0 |a terminológia 
610 2 0 |a Slovensko 
100 1 |a Lacika, Ján